[Event "Edinburgh Park op"]
[Site "Edinburgh"]
[Date "2023.03.04"]
[Round "2"]
[White "Goede, Jan"]
[Black "Reis, Joao Gomes"]
[Result "1/2-1/2"]
[WhiteElo "1603"]
[BlackElo "1293"]
[PlyCount "62"]
[EventDate "2023.03.04"]
[EventType "swiss"]
[EventRounds "5"]
[EventCountry "SCO"]
[SourceTitle "CBM 213 Extra"]
[Source "ChessBase"]
[SourceDate "2023.05.31"]
[SourceVersion "1"]
[SourceVersionDate "2023.05.31"]
[SourceQuality "1"]

1. Nf3 c6 2. e3 d5 3. b3 Nf6 4. Bb2 e6 5. d4 Bd6 6. Bd3 0-0 7. 0-0 Re8 8. Ne5 Nbd7 9. f4 c5 10. Nd2 Nb6 11. c4 Qc7 12. Rc1 Nbd7 13. Qe2 a6 14. Rf3 dxc4 15. Ndxc4 b5 16. Nxd6 Qxd6 17. Nxd7 Bxd7 18. dxc5 Qd5 19. Bxf6 gxf6 20. Rg3+ Kf8 21. Bxh7 Ke7 22. e4 Qd4+ 23. Kh1 Rac8 24. h3 Rxc5 25. Rxc5 Qxc5 26. Rg7 Rf8 27. Qf3 e5 28. f5 Qc1+ 29. Kh2 Qh6 30. Qg4 Qf4+ 31. g3 Qxg4 1/2-1/2